[Event "Warsaw Najdorf Memorial op-A 14th"]
[Site "Warsaw"]
[Date "2016.07.10"]
[Round "3"]
[White "Kamsky, Gata"]
[Black "Sadzikowski, Daniel"]
[Result "1/2-1/2"]
[WhiteElo "2660"]
[BlackElo "2551"]
[PlyCount "68"]
[EventDate "2016.07.08"]
[EventType "swiss"]
[EventRounds "9"]
[EventCountry "POL"]
[SourceTitle "CBM 173 Extra"]
[Source "ChessBase"]
[SourceDate "2016.08.29"]
[SourceVersion "1"]
[SourceVersionDate "2016.08.29"]
[SourceQuality "1"]

1. d4 Nf6 2. Bf4 e6 3. e3 c5 4. c3 Nc6 5. Nd2 d5 6. Ngf3 Bd6 7. Bg3 O-O 8. Bb5
Bxg3 9. hxg3 Qb6 10. a4 cxd4 11. cxd4 Bd7 12. Qb1 Rfc8 13. Ne5 h6 14. Nxd7 Nxd7
15. O-O a6 16. Be2 Qb4 17. Rd1 Rc7 18. Nf3 Rac8 19. Ne1 Qa5 20. Qd3 Nf6 21. Qb3
Qb4 22. Qxb4 Nxb4 23. a5 Nc2 24. Rab1 Nxe1 25. Rxe1 Ne4 26. Bd3 Kf8 27. Red1
Nd6 28. Ra1 Ke7 29. g4 Nc4 30. Ra2 Nd6 31. Raa1 f5 32. gxf5 exf5 33. f3 Kf6 34.
Kf2 h5 1/2-1/2

[Event "Warsaw Najdorf Memorial op-A 14th"]
[Site "Warsaw"]
[Date "2016.07.11"]
[Round "4"]
[White "Lauber, Arnd"]
[Black "Kamsky, Gata"]
[Result "1/2-1/2"]
[WhiteElo "2444"]
[BlackElo "2660"]
[PlyCount "77"]
[EventDate "2016.07.08"]
[EventType "swiss"]
[EventRounds "9"]
[EventCountry "POL"]
[SourceTitle "CBM 173 Extra"]
[Source "ChessBase"]
[SourceDate "2016.08.29"]
[SourceVersion "1"]
[SourceVersionDate "2016.08.29"]
[SourceQuality "1"]

1. d4 f5 2. c4 Nf6 3. g3 g6 4. Bg2 Bg7 5. Nc3 O-O 6. Nf3 d6 7. O-O c6 8. b3 a5
9. Bb2 Na6 10. d5 Bd7 11. Nd4 Rc8 12. Rb1 Nc5 13. e3 Qe8 14. Qe2 Qf7 15. Rbc1
h6 16. Ba1 Kh7 17. Qc2 Nce4 18. Nxe4 Nxe4 19. f3 Nc5 20. dxc6 Bxc6 21. Nxc6
Rxc6 22. f4 Rc7 23. Bd4 b6 24. Bxc5 Rxc5 25. Qd3 Qf6 26. a4 Kh8 27. Rcd1 Qc3
28. Qxc3 Bxc3 29. Rd3 Bb4 30. e4 Kg7 31. exf5 Rcxf5 32. Be4 R5f6 33. Kg2 Bc5
34. Bf3 g5 35. Re1 e6 36. fxg5 hxg5 37. h3 Kf7 38. Bh5+ Ke7 39. Rf3 1/2-1/2

[Event "Warsaw Najdorf Memorial op-A 14th"]
[Site "Warsaw"]
[Date "2016.07.12"]
[Round "5"]
[White "Kamsky, Gata"]
[Black "Feuerstack, Aljoscha"]
[Result "0-1"]
[WhiteElo "2660"]
[BlackElo "2454"]
[PlyCount "98"]
[EventDate "2016.07.08"]
[EventType "swiss"]
[EventRounds "9"]
[EventCountry "POL"]
[SourceTitle "CBM 173 Extra"]
[Source "ChessBase"]
[SourceDate "2016.08.29"]
[SourceVersion "1"]
[SourceVersionDate "2016.08.29"]
[SourceQuality "1"]

1. Nf3 c5 2. b3 d6 3. c4 Nf6 4. Nc3 b6 5. g3 Bb7 6. Bg2 e6 7. O-O Be7 8. Re1
Nbd7 9. e4 a6 10. d4 cxd4 11. Nxd4 Qc7 12. Be3 h5 13. h3 O-O 14. Rc1 Rac8 15.
f4 Rfe8 16. g4 hxg4 17. hxg4 Nc5 18. Bf2 d5 19. e5 Nfe4 20. Be3 dxc4 21. Nxe4
Bxe4 22. Bxe4 Nxe4 23. Qf3 Qb7 24. Rc2 Bb4 25. Rf1 cxb3 26. Rh2 Rc3 27. Qh3 Kf8
28. f5 Ke7 29. fxe6 fxe6 30. Qh7 Kd8 31. Nxe6+ Kc8 32. Qg6 Qc6 33. Rf7 bxa2 34.
Rc7+ Qxc7 35. Qxe8+ Kb7 36. Rxa2 Qe7 37. Nd8+ Kc8 38. Qg6 Rxe3 39. Rxa6 Rg3+
40. Kf1 Rf3+ 41. Kg2 Rg3+ 42. Kf1 Nd2+ 43. Kf2 Qc5+ 44. Kxg3 Qg1+ 45. Kh3 Qh1+
46. Kg3 Ne4+ 47. Kf4 Bd2+ 48. Kf5 Qf3+ 49. Ke6 Ng5+ 0-1

[Event "Warsaw Najdorf Memorial op-A 14th"]
[Site "Warsaw"]
[Date "2016.07.13"]
[Round "6"]
[White "Lokander, Martin"]
[Black "Kamsky, Gata"]
[Result "1/2-1/2"]
[WhiteElo "2359"]
[BlackElo "2660"]
[PlyCount "92"]
[EventDate "2016.07.08"]
[EventType "swiss"]
[EventRounds "9"]
[EventCountry "POL"]
[SourceTitle "CBM 173 Extra"]
[Source "ChessBase"]
[SourceDate "2016.08.29"]
[SourceVersion "1"]
[SourceVersionDate "2016.08.29"]
[SourceQuality "1"]

1. d4 Nf6 2. c4 g6 3. Nc3 d5 4. Nf3 Bg7 5. Bg5 Ne4 6. Bf4 Nxc3 7. bxc3 c5 8.
cxd5 Qxd5 9. e3 O-O 10. Be2 Nc6 11. O-O b6 12. Ng5 Bb7 13. c4 Qd8 14. d5 Na5
15. Rb1 h6 16. Nf3 g5 17. Bg3 f5 18. h4 f4 19. exf4 gxf4 20. Bh2 e6 21. dxe6
Qf6 22. Bd3 Rae8 23. Re1 Rxe6 24. Bc2 Rxe1+ 25. Qxe1 Qf7 26. Rd1 Nxc4 27. Qe2
Na3 28. Ba4 b5 29. Bxb5 Nxb5 30. Qxb5 Bxf3 31. gxf3 c4 32. Rd7 Qg6+ 33. Kf1 c3
34. Qc4+ Kh8 35. Bxf4 Qf5 36. Qc7 Bf6 37. Qd6 Re8 38. Kg2 a5 39. Qd3 Rg8+ 40.
Kf1 Qh3+ 41. Ke2 Qe6+ 42. Kf1 Bg7 43. Qd5 Qa6+ 44. Qd3 Qe6 45. Qd5 Qa6+ 46. Qd3
Qe6 1/2-1/2

[Event "Warsaw Najdorf Memorial op-A 14th"]
[Site "Warsaw"]
[Date "2016.07.15"]
[Round "8"]
[White "Deszczynski, Adam"]
[Black "Kamsky, Gata"]
[Result "0-1"]
[WhiteElo "2366"]
[BlackElo "2660"]
[PlyCount "104"]
[EventDate "2016.07.08"]
[EventType "swiss"]
[EventRounds "9"]
[EventCountry "POL"]
[SourceTitle "CBM 173 Extra"]
[Source "ChessBase"]
[SourceDate "2016.08.29"]
[SourceVersion "1"]
[SourceVersionDate "2016.08.29"]
[SourceQuality "1"]

1. e4 g6 2. d4 Bg7 3. Nf3 d6 4. Nc3 Nd7 5. Be3 a6 6. a4 b6 7. Be2 e6 8. O-O Bb7
9. d5 exd5 10. exd5 Ne7 11. Bd4 Ne5 12. Re1 O-O 13. Bxe5 dxe5 14. Bc4 Qd6 15.
Ne4 Qb4 16. b3 Nf5 17. g4 Nh6 18. d6 Bxe4 19. Rxe4 Qxd6 20. Qxd6 cxd6 21. Rd1
Rfd8 22. h3 Bf8 23. Bd5 Rab8 24. Rc4 Rdc8 25. Nd2 Kg7 26. Rxc8 Rxc8 27. Nc4 b5
28. axb5 axb5 29. Ne3 Ng8 30. c4 bxc4 31. Bxc4 Nf6 32. f3 Be7 33. Kf1 h5 34.
Nd5 Nxd5 35. Rxd5 f5 36. Rb5 Rc7 37. gxf5 gxf5 38. Ke2 Kf6 39. f4 Ra7 40. h4
Ra2+ 41. Kf3 e4+ 42. Kg3 Rd2 43. Rd5 Rc2 44. Rd1 Rc3+ 45. Kg2 Rf3 46. Rf1 Rxf1
47. Kxf1 Kg6 48. b4 Bxh4 49. Kg2 Be1 50. b5 Ba5 51. Kg3 Bb6 52. Bd5 Be3 0-1

[Event "Warsaw Najdorf Memorial op-A 14th"]
[Site "Warsaw"]
[Date "2016.07.16"]
[Round "9"]
[White "Kamsky, Gata"]
[Black "Yankelevich, Lev"]
[Result "1-0"]
[WhiteElo "2660"]
[BlackElo "2415"]
[PlyCount "67"]
[EventDate "2016.07.08"]
[EventType "swiss"]
[EventRounds "9"]
[EventCountry "POL"]
[SourceTitle "CBM 173 Extra"]
[Source "ChessBase"]
[SourceDate "2016.08.29"]
[SourceVersion "1"]
[SourceVersionDate "2016.08.29"]
[SourceQuality "1"]

1. Nf3 d5 2. g3 c6 3. Bg2 Bg4 4. b3 Nd7 5. Bb2 Ngf6 6. d3 Bxf3 7. Bxf3 e5 8.
Nd2 Bc5 9. e3 O-O 10. a3 a5 11. Bg2 Qe7 12. O-O Rfe8 13. Nf3 Bb6 14. Kh1 Rad8
15. Qe2 e4 16. Nd4 Ne5 17. Rad1 h5 18. dxe4 dxe4 19. Rd2 c5 20. Nb5 Rxd2 21.
Qxd2 Rd8 22. Qe2 Qe6 23. Rd1 Rxd1+ 24. Qxd1 Nfg4 25. Qe2 Qf6 26. Nc3 Nf3 27.
Nxe4 Qxb2 28. Bxf3 c4 29. Qxc4 Ne5 30. Qc8+ Kh7 31. Ng5+ Kg6 32. Be4+ Kxg5 33.
Qf5+ Kh6 34. Qh7+ 1-0

[Event "Calgary op"]
[Site "Calgary"]
[Date "2016.07.27"]
[Round "1"]
[White "Kamsky, Gata"]
[Black "Kazmaier, Daniel"]
[Result "1-0"]
[WhiteElo "2660"]
[BlackElo "2194"]
[PlyCount "47"]
[EventDate "2016.07.27"]
[EventType "swiss"]
[EventRounds "9"]
[EventCountry "CAN"]
[SourceTitle "CBM 173 Extra"]
[Source "ChessBase"]
[SourceDate "2016.08.29"]
[SourceVersion "1"]
[SourceVersionDate "2016.08.29"]
[SourceQuality "1"]

1. Nf3 Nf6 2. g3 d5 3. Bg2 c5 4. O-O Nc6 5. d4 e6 6. c4 dxc4 7. Na3 cxd4 8.
Nxc4 Bc5 9. a3 a5 10. Bf4 O-O 11. Rc1 Ra6 12. Nfe5 Ne7 13. b4 axb4 14. Nd3 Bb6
15. Nxb6 Qxb6 16. Bc7 Qb5 17. a4 Rxa4 18. Bd6 Nc6 19. Bxf8 Kxf8 20. Rc5 Qa6 21.
Rxc6 bxc6 22. Nc5 Qb5 23. Qxa4 Qxc5 24. Qa8 1-0

[Event "Calgary op"]
[Site "Calgary"]
[Date "2016.07.28"]
[Round "2"]
[White "Panjwani, Raja"]
[Black "Kamsky, Gata"]
[Result "1/2-1/2"]
[WhiteElo "2388"]
[BlackElo "2660"]
[PlyCount "65"]
[EventDate "2016.07.27"]
[EventType "swiss"]
[EventRounds "9"]
[EventCountry "CAN"]
[SourceTitle "CBM 173 Extra"]
[Source "ChessBase"]
[SourceDate "2016.08.29"]
[SourceVersion "1"]
[SourceVersionDate "2016.08.29"]
[SourceQuality "1"]

1. Nf3 Nf6 2. c4 c6 3. b3 d5 4. Bb2 Bf5 5. g3 e6 6. Bg2 Nbd7 7. O-O h6 8. d3
Bc5 9. Nbd2 O-O 10. Qc2 Bh7 11. a3 a5 12. Bc3 Re8 13. b4 axb4 14. axb4 Bd6 15.
Rxa8 Qxa8 16. Re1 e5 17. c5 Bf8 18. e4 Qb8 19. Bh3 Qc7 20. Qb3 b6 21. cxb6 Nxb6
22. exd5 Nbxd5 23. Bxe5 Qb6 24. Bxf6 Rxe1+ 25. Nxe1 Nxf6 26. Nc2 Nd5 27. Bg2
Nxb4 28. Nc4 Qc5 29. Nxb4 Qxb4 30. Qxb4 Bxb4 31. Bxc6 Bxd3 32. Ne5 Bg6 33. Nxg6
1/2-1/2

[Event "Calgary op"]
[Site "Calgary"]
[Date "2016.07.28"]
[Round "3"]
[White "Kamsky, Gata"]
[Black "Kavutskiy, Konstantin"]
[Result "1-0"]
[WhiteElo "2660"]
[BlackElo "2373"]
[PlyCount "107"]
[EventDate "2016.07.27"]
[EventType "swiss"]
[EventRounds "9"]
[EventCountry "CAN"]
[SourceTitle "CBM 173 Extra"]
[Source "ChessBase"]
[SourceDate "2016.08.29"]
[SourceVersion "1"]
[SourceVersionDate "2016.08.29"]
[SourceQuality "1"]

1. e4 c5 2. Nf3 e6 3. c3 Nf6 4. e5 Nd5 5. g3 b6 6. Bg2 Be7 7. O-O Bb7 8. d4 O-O
9. c4 Nc7 10. Nc3 cxd4 11. Qxd4 f6 12. exf6 Bxf6 13. Qg4 Bxc3 14. bxc3 Qf6 15.
Bf4 d6 16. Ng5 Bxg2 17. Kxg2 e5 18. Be3 Qf5 19. Qxf5 Rxf5 20. Rfd1 Ne8 21. c5
bxc5 22. Ne4 Nd7 23. Nxd6 Nxd6 24. Rxd6 Nb6 25. Bxc5 Na4 26. Rc6 Nxc5 27. Rxc5
Raf8 28. Rf1 Rf3 29. Rxe5 Rxc3 30. Re2 Rc7 31. Rd1 h6 32. Rd5 Kh7 33. h4 Rff7
34. h5 Rf8 35. Ra5 Rb7 36. f4 Rc8 37. Re3 Rd8 38. Kf3 Rc8 39. Rd5 Rcb8 40. a4
Rb4 41. a5 R4b5 42. Rde5 a6 43. Kg4 Kg8 44. Rd3 Kf8 45. Kf5 Rb3 46. Rxb3 Rxb3
47. g4 Rb4 48. g5 hxg5 49. fxg5 Kf7 50. g6+ Kf8 51. Ke6 Rd4 52. Rd5 Re4+ 53.
Kd6 Rf4 54. Kd7 1-0

[Event "Calgary op"]
[Site "Calgary"]
[Date "2016.07.29"]
[Round "4"]
[White "Mikhalevski, Victor"]
[Black "Kamsky, Gata"]
[Result "1/2-1/2"]
[WhiteElo "2545"]
[BlackElo "2660"]
[PlyCount "73"]
[EventDate "2016.07.27"]
[EventType "swiss"]
[EventRounds "9"]
[EventCountry "CAN"]
[SourceTitle "CBM 173 Extra"]
[Source "ChessBase"]
[SourceDate "2016.08.29"]
[SourceVersion "1"]
[SourceVersionDate "2016.08.29"]
[SourceQuality "1"]

1. Nf3 Nf6 2. c4 c6 3. Nc3 d5 4. e3 a6 5. Qc2 g6 6. d4 Bg7 7. Bd3 O-O 8. O-O
Bg4 9. Ne5 Be6 10. b3 Nbd7 11. Nxd7 Bxd7 12. Bb2 b5 13. h3 dxc4 14. bxc4 Be6
15. c5 Nd5 16. Nxd5 Qxd5 17. e4 Qd7 18. Rad1 f5 19. d5 cxd5 20. Bxg7 Kxg7 21.
Qb2+ Kg8 22. Qe5 Rac8 23. c6 Rxc6 24. Bxb5 axb5 25. exd5 Qd6 26. Qxd6 Rxd6 27.
dxe6 Rxe6 28. Rfe1 Rxe1+ 29. Rxe1 Kf7 30. Rb1 Ra8 31. Rxb5 Rxa2 32. g3 Ra4 33.
Kg2 h5 34. h4 f4 35. Kf3 fxg3 36. Kxg3 Kf6 37. f3 1/2-1/2

[Event "Calgary op"]
[Site "Calgary"]
[Date "2016.07.30"]
[Round "5"]
[White "Kamsky, Gata"]
[Black "Bodek, Michael H"]
[Result "1-0"]
[WhiteElo "2660"]
[BlackElo "2408"]
[PlyCount "59"]
[EventDate "2016.07.27"]
[EventType "swiss"]
[EventRounds "9"]
[EventCountry "CAN"]
[SourceTitle "CBM 173 Extra"]
[Source "ChessBase"]
[SourceDate "2016.08.29"]
[SourceVersion "1"]
[SourceVersionDate "2016.08.29"]
[SourceQuality "1"]

1. d4 Nf6 2. Nf3 e6 3. Bg5 d5 4. e3 h6 5. Bh4 c5 6. c3 Nc6 7. Nbd2 cxd4 8. exd4
Be7 9. Bd3 a6 10. a4 Bd7 11. Ne5 O-O 12. O-O Be8 13. f4 Nd7 14. Bxe7 Qxe7 15.
Qe2 Qd6 16. Rae1 Rc8 17. Nb3 Ne7 18. a5 Rc7 19. g4 Nb8 20. Qe3 Nec6 21. Rf2 Re7
22. g5 f5 23. gxf6 gxf6 24. Rg2+ Rg7 25. Rxg7+ Kxg7 26. Qg3+ Kh8 27. Qh4 Kg7
28. Re3 f5 29. Rg3+ Kh7 30. Ng4 1-0

[Event "Calgary op"]
[Site "Calgary"]
[Date "2016.07.30"]
[Round "6"]
[White "Kamsky, Gata"]
[Black "Preotu, Razvan"]
[Result "1/2-1/2"]
[WhiteElo "2660"]
[BlackElo "2452"]
[PlyCount "76"]
[EventDate "2016.07.27"]
[EventType "swiss"]
[EventRounds "9"]
[EventCountry "CAN"]
[SourceTitle "CBM 173 Extra"]
[Source "ChessBase"]
[SourceDate "2016.08.29"]
[SourceVersion "1"]
[SourceVersionDate "2016.08.29"]
[SourceQuality "1"]

1. d4 Nf6 2. Nf3 e6 3. g3 c5 4. Bg2 cxd4 5. Nxd4 d5 6. O-O e5 7. Nb3 Be6 8. Nc3
Be7 9. Bg5 Nbd7 10. f4 exf4 11. Bxf4 Qb6+ 12. Kh1 Rd8 13. Qd3 a6 14. a4 Nc5 15.
Nxc5 Qxc5 16. e3 O-O 17. Be5 Rd7 18. Ne2 Qc4 19. h3 Rc8 20. Nd4 Ne4 21. Qxc4
Rxc4 22. g4 Bg5 23. Rad1 Rd8 24. b3 Rcc8 25. Rd3 Nc5 26. Rc3 Ne4 27. Rxc8 Rxc8
28. Bxe4 dxe4 29. Bf4 Bxf4 30. Rxf4 Rc3 31. Nxe6 fxe6 32. Rxe4 Kf7 33. Rb4 b5
34. axb5 axb5 35. Rxb5 Rxc2 36. b4 Re2 37. Re5 Kf6 38. Re4 e5 1/2-1/2

[Event "Calgary op"]
[Site "Calgary"]
[Date "2016.07.31"]
[Round "7"]
[White "Popilski, Gil"]
[Black "Kamsky, Gata"]
[Result "1-0"]
[WhiteElo "2542"]
[BlackElo "2660"]
[PlyCount "55"]
[EventDate "2016.07.27"]
[EventType "swiss"]
[EventRounds "9"]
[EventCountry "CAN"]
[SourceTitle "CBM 173 Extra"]
[Source "ChessBase"]
[SourceDate "2016.08.29"]
[SourceVersion "1"]
[SourceVersionDate "2016.08.29"]
[SourceQuality "1"]

1. e4 c5 2. Nf3 Nc6 3. d4 cxd4 4. Nxd4 Nf6 5. Nc3 g6 6. Nxc6 bxc6 7. e5 Ng8 8.
Bc4 Qc7 9. Bf4 Bg7 10. Bxf7+ Kd8 11. Qe2 Nh6 12. Bb3 Rf8 13. g3 Rb8 14. O-O-O
Rb4 15. Bd2 Qb8 16. f4 Nf5 17. Ne4 Nd4 18. Qd3 Nxb3+ 19. axb3 Rb5 20. Bc3 Bh6
21. Qc4 Qb6 22. Kb1 a5 23. Rd2 g5 24. fxg5 Bg7 25. Bd4 Qb8 26. Nc5 Kc7 27. Rhd1
Rf3 28. Bc3 1-0

[Event "Washington op 5th"]
[Site "Rockville"]
[Date "2016.08.13"]
[Round "1"]
[White "Morrison, William"]
[Black "Kamsky, Gata"]
[Result "0-1"]
[WhiteElo "2341"]
[BlackElo "2638"]
[PlyCount "98"]
[EventDate "2016.08.13"]
[EventType "swiss"]
[EventRounds "9"]
[EventCountry "USA"]
[SourceTitle "CBM 173 Extra"]
[Source "ChessBase"]
[SourceDate "2016.08.29"]
[SourceVersion "1"]
[SourceVersionDate "2016.08.29"]
[SourceQuality "1"]

1. e4 c5 2. Nf3 e6 3. c3 d5 4. exd5 exd5 5. Bb5+ Bd7 6. Bxd7+ Qxd7 7. O-O Bd6
8. d4 c4 9. b3 cxb3 10. axb3 Ne7 11. Ba3 Nbc6 12. Bxd6 Qxd6 13. Re1 O-O 14.
Nbd2 f6 15. Qe2 Ng6 16. g3 Qd7 17. Qd3 Rfe8 18. Rxe8+ Rxe8 19. Re1 Rc8 20. h4
Nge7 21. b4 Nf5 22. Ra1 b6 23. Ne1 Nce7 24. Ng2 Rc7 25. Ra3 Nd6 26. Nf4 g6 27.
Kg2 Kf7 28. h5 Qf5 29. hxg6+ hxg6 30. Qxf5 Ndxf5 31. b5 Nd6 32. Rb3 g5 33. Nd3
Ke6 34. Kf3 Nc4 35. Nb1 Nf5 36. Ke2 Rh7 37. g4 Nfd6 38. Nd2 Rh1 39. Ne1 Nxd2
40. Kxd2 Rh4 41. f3 Nc4+ 42. Kd1 Rh2 43. Nc2 Rd2+ 44. Kc1 Rd3 45. Ne1 Re3 46.
Kd1 f5 47. Rb4 Rxc3 48. Ke2 f4 49. Ra4 Ra3 0-1

[Event "Washington op 5th"]
[Site "Rockville"]
[Date "2016.08.13"]
[Round "2"]
[White "Kamsky, Gata"]
[Black "Shen, Arthur"]
[Result "1-0"]
[WhiteElo "2638"]
[BlackElo "2401"]
[PlyCount "105"]
[EventDate "2016.08.13"]
[EventType "swiss"]
[EventRounds "9"]
[EventCountry "USA"]
[SourceTitle "CBM 173 Extra"]
[Source "ChessBase"]
[SourceDate "2016.08.29"]
[SourceVersion "1"]
[SourceVersionDate "2016.08.29"]
[SourceQuality "1"]

1. d4 d5 2. Bf4 Nf6 3. e3 c5 4. c3 Qb6 5. Qb3 c4 6. Qc2 g6 7. Nd2 Bf5 8. Qc1
Nc6 9. Ngf3 Bg7 10. Be2 O-O 11. O-O Nh5 12. Bg3 Nxg3 13. hxg3 Qc7 14. Re1 b5
15. a3 a5 16. Nh4 Bd7 17. f4 b4 18. a4 Na7 19. Nhf3 b3 20. e4 e6 21. e5 Nc8 22.
Nh2 Nb6 23. g4 f6 24. Ndf3 Bxa4 25. exf6 Bxf6 26. g5 Bg7 27. Ne5 Bb5 28. Bg4
Rfe8 29. Bh3 a4 30. Nhg4 Qd8 31. Re2 a3 32. bxa3 Na4 33. Qe1 Ra6 34. Rb1 Rf8
35. Qg3 Qe7 36. Nh6+ Bxh6 37. gxh6 Be8 38. Re3 Qf6 39. Nf3 Bd7 40. Ne5 Be8 41.
Nf3 Rb6 42. Qe1 Bd7 43. Ng5 Re8 44. Qg3 Rc8 45. Bg4 b2 46. Qe1 Nxc3 47. Rxc3
Qxd4+ 48. Kh1 Qxf4 49. Rxb2 Qxg5 50. Rxb6 Qxg4 51. Rb7 Bc6 52. Rg7+ Kh8 53. Rc7
1-0

[Event "Washington op 5th"]
[Site "Rockville"]
[Date "2016.08.14"]
[Round "3"]
[White "Tang, Andrew"]
[Black "Kamsky, Gata"]
[Result "1/2-1/2"]
[WhiteElo "2441"]
[BlackElo "2638"]
[PlyCount "143"]
[EventDate "2016.08.13"]
[EventType "swiss"]
[EventRounds "9"]
[EventCountry "USA"]
[SourceTitle "CBM 173 Extra"]
[Source "ChessBase"]
[SourceDate "2016.08.29"]
[SourceVersion "1"]
[SourceVersionDate "2016.08.29"]
[SourceQuality "1"]

1. d4 Nf6 2. c4 e6 3. Nc3 Bb4 4. Qc2 c5 5. dxc5 O-O 6. Nf3 Na6 7. g3 Nxc5 8.
Bg2 b6 9. O-O Bb7 10. Nb5 Be4 11. Qd1 Nb7 12. Bf4 a6 13. Nd6 Nxd6 14. Bxd6 Bxd6
15. Qxd6 Qb8 16. Qxb8 Raxb8 17. Ne5 Bxg2 18. Kxg2 Rfc8 19. Rfd1 Rb7 20. a4 Kf8
21. Rd4 Ke7 22. Rad1 Rcc7 23. e4 Ne8 24. f4 a5 25. Nf3 d6 26. e5 dxe5 27. fxe5
f6 28. b3 Rd7 29. Kf2 Rxd4 30. Nxd4 Rc7 31. Re1 f5 32. Rd1 Rc5 33. h4 g6 34.
Nf3 h6 35. Rg1 Rc7 36. g4 fxg4 37. Rxg4 Kf7 38. Rf4+ Ke7 39. Ke3 Rc8 40. Nd4
Rc5 41. Ke4 Rc8 42. Rf1 Rc5 43. Rg1 Kf7 44. Ne2 g5 45. hxg5 hxg5 46. Nd4 Rc8
47. Nf3 Nc7 48. Nxg5+ Ke7 49. Rh1 Rg8 50. Rh7+ Kd8 51. Nf7+ Kc8 52. Nd6+ Kd8
53. c5 bxc5 54. Nb7+ Kc8 55. Nxc5 Kb8 56. Nd7+ Kb7 57. Nf6 Rb8 58. Rd7 Kc8 59.
Rd3 Rb4+ 60. Kf3 Rh4 61. Kg3 Rb4 62. Kf3 Rh4 63. Ke2 Kb7 64. Kd2 Na6 65. Rd7+
Kb8 66. Rd6 Nc5 67. Kc3 Kc7 68. Ne8+ Kb7 69. Nf6 Kc7 70. Ne8+ Kb7 71. Rd1 Kc6
72. Rd6+ 1/2-1/2

[Event "Washington op 5th"]
[Site "Rockville"]
[Date "2016.08.14"]
[Round "4"]
[White "Kamsky, Gata"]
[Black "Boros, Denes"]
[Result "1-0"]
[WhiteElo "2638"]
[BlackElo "2441"]
[PlyCount "101"]
[EventDate "2016.08.13"]
[EventType "swiss"]
[EventRounds "9"]
[EventCountry "USA"]
[SourceTitle "CBM 173 Extra"]
[Source "ChessBase"]
[SourceDate "2016.08.29"]
[SourceVersion "1"]
[SourceVersionDate "2016.08.29"]
[SourceQuality "1"]

1. Nf3 Nf6 2. g3 g6 3. Bg2 Bg7 4. O-O O-O 5. d4 c6 6. c4 d5 7. Qb3 a5 8. cxd5
a4 9. Qd1 cxd5 10. Nc3 Ne4 11. Ne5 Nxc3 12. bxc3 Nc6 13. Nxc6 bxc6 14. Ba3 Ba6
15. Re1 Re8 16. e4 e6 17. Bb4 Bc4 18. a3 Qc7 19. Qd2 dxe4 20. Rxe4 Red8 21. Qc2
Bd5 22. Re2 e5 23. Bxd5 cxd5 24. dxe5 Bxe5 25. Rae1 Bf6 26. Qxa4 Kg7 27. Qb5
Qc4 28. Qxc4 dxc4 29. Re4 Rac8 30. a4 Rd3 31. Rc1 Rd2 32. a5 Rb2 33. Rd1 Rc2
34. Re3 Bg5 35. Rf3 Bd2 36. Kg2 Rc6 37. Ra1 Ra6 38. Bc5 f5 39. Bd4+ Kf7 40. Ra4
Ke6 41. Rxc4 Rxa5 42. h4 Ra6 43. Rc7 h6 44. Rg7 Kd5 45. h5 gxh5 46. Rxf5+ Ke4
47. Rxh5 Bxc3 48. Rh4+ Kd3 49. Rd7 Bxd4 50. Rhxd4+ Kc3 51. R4d6 1-0

[Event "Washington op 5th"]
[Site "Rockville"]
[Date "2016.08.15"]
[Round "5"]
[White "Preotu, Razvan"]
[Black "Kamsky, Gata"]
[Result "1/2-1/2"]
[WhiteElo "2469"]
[BlackElo "2638"]
[PlyCount "99"]
[EventDate "2016.08.13"]
[EventType "swiss"]
[EventRounds "9"]
[EventCountry "USA"]
[SourceTitle "CBM 173 Extra"]
[Source "ChessBase"]
[SourceDate "2016.08.29"]
[SourceVersion "1"]
[SourceVersionDate "2016.08.29"]
[SourceQuality "1"]

1. e4 c5 2. Nf3 Nc6 3. d4 cxd4 4. Nxd4 Qb6 5. Nb3 Nf6 6. Nc3 e6 7. Qe2 Qc7 8.
g4 h6 9. Bd2 a6 10. f4 d6 11. Bg2 b5 12. O-O-O Rb8 13. h4 h5 14. e5 dxe5 15. g5
Ng4 16. f5 Bb4 17. fxe6 Bxe6 18. Nd5 Bxd5 19. Bxd5 Bxd2+ 20. Rxd2 Ne7 21. Bf3
f5 22. gxf6 Nxf6 23. Re1 O-O 24. Qxe5 Qxe5 25. Rxe5 Ng6 26. Bd5+ Kh7 27. Be4
Nxe4 28. Rxe4 Rbe8 29. Rxe8 Rxe8 30. Rd5 Re5 31. Rxe5 Nxe5 32. Kd2 Nc4+ 33. Kd3
Nxb2+ 34. Ke4 Na4 35. a3 Nc3+ 36. Kd3 Nb1 37. Nc5 Nxa3 38. Nxa6 Kg6 39. Nc7 Kf5
40. c3 Ke5 41. Ne8 g6 42. Nc7 Kf5 43. Nd5 Kg4 44. Ne7 g5 45. hxg5 Kxg5 46. Ke3
Kg4 47. Kf2 Nc4 48. Nc6 Nd6 49. Kg2 Ne4 50. c4 1/2-1/2

[Event "Washington op 5th"]
[Site "Rockville"]
[Date "2016.08.15"]
[Round "6"]
[White "Kamsky, Gata"]
[Black "Ashwin, Jayaram"]
[Result "1-0"]
[WhiteElo "2638"]
[BlackElo "2465"]
[PlyCount "53"]
[EventDate "2016.08.13"]
[EventType "swiss"]
[EventRounds "9"]
[EventCountry "USA"]
[SourceTitle "CBM 173 Extra"]
[Source "ChessBase"]
[SourceDate "2016.08.29"]
[SourceVersion "1"]
[SourceVersionDate "2016.08.29"]
[SourceQuality "1"]

1. g3 e5 2. c4 Nf6 3. Nc3 Bb4 4. Nf3 Qe7 5. Bg2 O-O 6. O-O d6 7. d3 h6 8. e4 a6
9. Nh4 c6 10. Bd2 b5 11. Kh1 Bg4 12. Qc2 Qe6 13. f4 exf4 14. gxf4 bxc4 15. d4
Bh3 16. e5 Bxc3 17. Bxc3 Bxg2+ 18. Qxg2 Ne8 19. f5 Qd5 20. Rf3 Nd7 21. f6 Kh7
22. Nf5 dxe5 23. fxg7 Rg8 24. Ne7 Qe6 25. Nxg8 Kxg8 26. dxe5 Nxe5 27. Re1 1-0

[Event "Washington op 5th"]
[Site "Rockville"]
[Date "2016.08.16"]
[Round "7"]
[White "Kiewra, Keaton F"]
[Black "Kamsky, Gata"]
[Result "1/2-1/2"]
[WhiteElo "2426"]
[BlackElo "2638"]
[PlyCount "40"]
[EventDate "2016.08.13"]
[EventType "swiss"]
[EventRounds "9"]
[EventCountry "USA"]
[SourceTitle "CBM 173 Extra"]
[Source "ChessBase"]
[SourceDate "2016.08.29"]
[SourceVersion "1"]
[SourceVersionDate "2016.08.29"]
[SourceQuality "1"]

1. d4 d5 2. c4 c6 3. Nf3 Nf6 4. cxd5 cxd5 5. Nc3 Nc6 6. Bf4 e6 7. e3 Bd6 8. Bg3
O-O 9. Bd3 h6 10. O-O Bxg3 11. hxg3 Qd6 12. a3 Bd7 13. b4 Rfc8 14. Qb3 e5 15.
Nb5 Qe7 16. Nxe5 Nxe5 17. dxe5 Qxe5 18. Nd4 Ne4 19. Bxe4 dxe4 20. Rac1 b6
1/2-1/2

[Event "Washington op 5th"]
[Site "Rockville"]
[Date "2016.08.16"]
[Round "8"]
[White "Kamsky, Gata"]
[Black "Moradiabadi, Elshan"]
[Result "1/2-1/2"]
[WhiteElo "2638"]
[BlackElo "2595"]
[PlyCount "23"]
[EventDate "2016.08.13"]
[EventType "swiss"]
[EventRounds "9"]
[EventCountry "USA"]
[SourceTitle "CBM 173 Extra"]
[Source "ChessBase"]
[SourceDate "2016.08.29"]
[SourceVersion "1"]
[SourceVersionDate "2016.08.29"]
[SourceQuality "1"]

1. d4 Nf6 2. Bf4 d5 3. e3 c5 4. Nf3 Nc6 5. Nbd2 e6 6. c3 Bd6 7. Bg3 O-O 8. Bd3
b6 9. e4 Be7 10. e5 Nh5 11. Qe2 g6 12. O-O 1/2-1/2